000 00968nam a2200289 i 4500
001 bg
100 1 _aWHITEHEAD, Richard
_d(1964- )
245 1 0 _aPoradnik kierownika zespołu /
_cRichard Whitehead ; z ang. przeł. Janina Błoch.
246 _iTyt. oryg.:
_aLeading a software development team
260 _aWarszawa :
_bWydawnictwa Naukowo-Techniczne,
_c2005.
300 _a357 s. ;
_c24 cm.
500 _aTyt. oryg.: "Leading a software development team".
504 _aBibliogr. s. 328-330. Indeks.
650 9 _aKadry
_xpolityka
650 9 _aZarządzanie
650 9 _aPraca zespołowa
655 _aPoradniki
700 1 _aBŁOCH, Janina
020 _a8320429560
040 _cBPK
041 1 _apol
_heng
080 _a005.5:658.310.8:331.103](083.1)
920 _a83-204-2956-0
942 _cKS
008 s pl f |000 0 pol
999 _c53595
_d53595
856 _uhttp://koha.tu.koszalin.pl/cgi-bin/koha/opac-detail.pl?biblionumber=53595
_yKatalog online BPK